Lasers in manufacturing : proceedings of the 4th international conference, 12-14 May 1987, Birmingham, UK /

Bibliographic Details
Corporate Author: International Conference on Lasers in Manufacturing
Other Authors: Steen, W. M.
Format: Conference Proceeding Book
Language:English
Published: Bedford, UK : Berlin ; New York : IFS Publications ; Springer-Verlag, ©1987.
Subjects:

MARC

Tag First Indicator Second Indicator Subfields
LEADER 00000cam a2200000 a 4500
001 in00000007725
005 20230630111011.0
008 880413s1987 enka b 100 0 eng
010 |a  88130655  
015 |a GB8820507  |2 bnb 
019 |a 16735008  |a 17776690 
020 |a 3540178546  |q (Germany) 
020 |a 9783540178545  |q (Germany) 
020 |a 0387178546  |q (U.S.) 
020 |a 9780387178547  |q (U.S.) 
020 |a 0948507535 
020 |a 9780948507533 
029 1 |a AU@  |b 000005576508 
029 1 |a GBVCP  |b 116252200 
029 1 |a NZ1  |b 3344137 
035 |a (OCoLC)ocm22453537  
035 |a (OCoLC)22453537  |z (OCoLC)16735008  |z (OCoLC)17776690 
035 |a (OCoLC)ocm22453537  
040 |a DLC  |b eng  |c DLC  |d UKM  |d OCL  |d BAKER  |d BTCTA  |d LVB  |d YDXCP  |d BDX  |d OCLCO  |d OCLCF  |d OCLCQ  |d OCLCO  |d OCLCQ  |d OCL  |d OCLCO 
050 0 0 |a TA1673  |b .L372 1987 
082 0 0 |a 621.36/6  |2 20 
245 0 0 |a Lasers in manufacturing :  |b proceedings of the 4th international conference, 12-14 May 1987, Birmingham, UK /  |c edited by W.M. Steen. 
260 |a Bedford, UK :  |b IFS Publications ;  |a Berlin ;  |a New York :  |b Springer-Verlag,  |c ©1987. 
300 |a viii, 312 pages :  |b illustrations ;  |c 31 cm 
336 |a text  |b txt  |2 rdacontent 
337 |a unmediated  |b n  |2 rdamedia 
338 |a volume  |b nc  |2 rdacarrier 
500 |a Proceedings of the 4th International Conference on Lasers in Manufacturing, held in Birmingham, England, May 12-14, 1987. 
504 |a Includes bibliographical references. 
530 |a Also issued online. 
650 0 |a Lasers  |x Industrial applications  |v Congresses. 
650 0 |a Manufacturing processes  |v Congresses. 
650 6 |a Lasers  |x Applications industrielles  |v Congrès. 
650 6 |a Fabrication  |v Congrès. 
650 7 |a Lasers  |x Industrial applications.  |2 fast  |0 (OCoLC)fst00992853 
650 7 |a Manufacturing processes.  |2 fast  |0 (OCoLC)fst01008139 
653 |a Manufacturing industries  |a Use of lasers 
655 7 |a Conference papers and proceedings.  |2 fast  |0 (OCoLC)fst01423772 
700 1 |a Steen, W. M. 
711 2 |a International Conference on Lasers in Manufacturing  |n (4th :  |d 1987 :  |c Birmingham, England) 
776 0 8 |i Online version:  |t Lasers in manufacturing.  |d Bedford, UK : IFS Publications ; Berlin ; New York : Springer-Verlag, ©1987  |w (OCoLC)568094467 
938 |a Baker & Taylor  |b BKTY  |c 127.00  |d 127.00  |i 0387178546  |n 0001231280  |s active 
938 |a Brodart  |b BROD  |n 38578956  |c $127.00 
938 |a Baker and Taylor  |b BTCP  |n 88130655 
938 |a YBP Library Services  |b YANK  |n 1142896 
938 |a YBP Library Services  |b YANK  |n 12485604 
948 |h NO HOLDINGS IN TXA - 69 OTHER HOLDINGS 
994 |a Z0  |b TXA 
999 f f |s 3ee4d8a0-b54f-3ba6-b899-e3f987ea8328  |i 24b41e4e-003f-362c-8bab-08a66c497f90  |t 0 
952 f f |p ric  |a Texas A&M University  |b Rellis Campus  |c Joint Library Facility  |s JLF  |d Remote Storage  |t 0  |e TA1673 .I57 1987  |h Library of Congress classification  |i unmediated -- volume  |m A14810910165